000 00327nam a2200133Ia 4500
008 190723s9999 xx 000 0 und d
020 _a978-101-91967-5
100 _aPenguin Radom House
245 0 _aCracking the GMAT 2017
250 _a2017
260 _aUSA
_bPenguin Radom House
_c2017
300 _a690.:P
942 _cBK
999 _c1426
_d1426